000
00307nam a22001337a 4500
008
170127b xxu||||| |||| 00| 0 eng d
020
_a
9780323046343
041
_a
eng
080
_2
8TH
_a
61
100
_a
3
101
_a
SHM
245
_a
DIAGNOSTIC AND LABORATORY TEST REFERENCE
_c
PAGANA
942
_2
udc
_c
BK
999
_c
3890
_d
3890